书目信息 |
| 题名: |
王朝风云之隋朝
|
|
| 作者: | 李楠 编著 | |
| 分册: | ||
| 出版信息: | 北京 中国文史出版社 2021 |
|
| 页数: | 342页 | |
| 开本: | 24cm | |
| 丛书名: | 王朝风云 | |
| 单 册: | ||
| 中图分类: | K241.09 | |
| 科图分类: | ||
| 主题词: | 中国历史--zhong guo li shi--隋唐--通俗读物 | |
| 电子资源: | ||
| ISBN: | 978-7-5205-2258-8 | |
| 000 | 00823oam2 2200253 450 | |
| 001 | 2159231918 | |
| 005 | 20210926145254.0 | |
| 010 | @a978-7-5205-2258-8@dCNY66.00 | |
| 100 | @a20210303d2021 em y0chiy0120 ea | |
| 101 | 0 | @achi |
| 102 | @aCN@b110000 | |
| 105 | @aa z 000yy | |
| 106 | @ar | |
| 200 | 1 | @a王朝风云之隋朝@Awang chao feng yun zhi sui chao@f李楠编著 |
| 210 | @a北京@c中国文史出版社@d2021 | |
| 215 | @a342页@c图@d24cm | |
| 225 | 2 | @a王朝风云@Awang chao feng yun@v7 |
| 330 | @a本书主要讲的是从公元581年隋文帝杨坚建隋,到公元618年李渊建唐30多年间里,中国历史上发生的那些丰富多彩的故事。 | |
| 461 | 0 | @12001 @a王朝风云 |
| 606 | 0 | @a中国历史@Azhong guo li shi@z隋唐@j通俗读物 |
| 690 | @aK241.09@v5 | |
| 701 | 0 | @a李楠@Ali nan@4编著 |
| 801 | 0 | @aCN@b百万庄@c20210925 |
| 905 | @b1298672-75@dK241.09@e22@f4 | |
| 王朝风云之隋朝/李楠编著.-北京:中国文史出版社,2021 |
| 342页:图;24cm.-(王朝风云;7) |
| ISBN 978-7-5205-2258-8:CNY66.00 |
| 本书主要讲的是从公元581年隋文帝杨坚建隋,到公元618年李渊建唐30多年间里,中国历史上发生的那些丰富多彩的故事。 |
| ● |
| 相关链接 |
|
|
|
|
正题名:王朝风云之隋朝
索取号:K241.09/22
 
预约/预借
| 序号 | 登录号 | 条形码 | 馆藏地/架位号 | 状态 | 备注 |
| 1 | 1298672 | 212986722 | 第二样本阅览室/ [索取号:K241.09/22] | 在馆 | |
| 2 | 1298673 | 212986731 | 第二借阅区/ [索取号:K241.09/22] | 在馆 | |
| 3 | 1298674 | 212986740 | 第二借阅区/ [索取号:K241.09/22] | 在馆 | |
| 4 | 1298675 | 212986759 | 第二借阅区/ [索取号:K241.09/22] | 在馆 |